[Event "Kieler Open 2016-A"]
[Site "Kiel"]
[Date "2016.08.01"]
[Round "5.17"]
[White "Rudolph, Jens-Erik"]
[Black "Johansson, Thomas"]
[Result "0-1"]
[WhiteElo "1939"]
[BlackElo "2222"]
[PlyCount "74"]

1. e4 e6 2. d3 c5 3. f4 Nc6 4. Nf3 d5 5. Nbd2 Bd6 6. g3 Nge7 7. Bg2 f6 8. c3
O-O 9. O-O Bd7 10. a3 b5 11. b4 cxb4 12. axb4 a5 13. bxa5 Rxa5 14. Rxa5 Qxa5
15. Bb2 Qa7+ 16. Kh1 Qa4 17. Nh4 Qxd1 18. Rxd1 g5 19. fxg5 fxg5 20. Nhf3 g4 21.
Nh4 Ne5 22. Bf1 Bc6 23. d4 Nc4 24. Bxc4 dxc4 25. Kg1 e5 26. d5 Bc5+ 27. Kh1
Nxd5 28. Rf1 Rxf1+ 29. Nxf1 Ne3 30. Ba3 Bxe4+ 31. Ng2 Bb6 32. Nfxe3 Bxe3 33.
Bd6 Kf7 34. Bxe5 Ke6 35. Bg7 Kd5 36. Bf8 Bxg2+ 37. Kxg2 Ke4 0-1

[Event "Kieler Open 2016-A"]
[Site "Kiel"]
[Date "2016.08.01"]
[Round "5.18"]
[White "Grote, Dirk"]
[Black "Rosmait, Emily"]
[Result "1-0"]
[WhiteElo "2139"]
[BlackElo "1920"]
[PlyCount "127"]

1. d4 Nf6 2. c4 e6 3. Nf3 b6 4. g3 Bb7 5. Bg2 Be7 6. O-O O-O 7. Re1 d5 8. cxd5
exd5 9. Nc3 Re8 10. Bf4 Bd6 11. Bxd6 Qxd6 12. Rc1 a6 13. Ne5 Nbd7 14. Nc4 Qe6
15. Ne3 Rad8 16. b4 Qd6 17. Qb3 Nf8 18. Ncd1 Ne6 19. Nf5 Qd7 20. Qd3 g6 21.
Nfe3 Ng5 22. h4 Nge4 23. Nc3 h5 24. Nxe4 Nxe4 25. Nf1 Re7 26. Rc2 Qf5 27. Qe3
Rde8 28. Rec1 Nd6 29. Qf3 Qxf3 {(=)} 30. Bxf3 c6 31. Nd2 Kg7 32. e3 Ra8 33. a4
a5 34. bxa5 Rxa5 35. Rb1 b5 36. axb5 Rxb5 37. Rxb5 Nxb5 38. Nb3 Rc7 39. Na5 Ba8
40. Rc5 Kf6 41. Bxd5 cxd5 42. Rxb5 Kf5 43. Kg2 Rc2 44. Kf3 Ke6 45. Rb8 Bc6 46.
Rb6 Kd7 47. Rxc6 Rxc6 48. Nxc6 Kxc6 49. Kf4 f6 50. e4 Kd6 51. exd5 Kxd5 52. Ke3
Kd6 53. Ke4 Ke6 54. d5+ Kd6 55. Kd4 Kd7 56. Kc5 g5 57. d6 gxh4 58. gxh4 f5 59.
Kd5 f4 60. f3 Kd8 61. Ke5 Kd7 62. Kxf4 Kxd6 63. Kg5 Ke7 64. Kxh5 1-0

[Event "Kieler Open 2016-A"]
[Site "Kiel"]
[Date "2016.08.01"]
[Round "5.19"]
[White "Horn, Peter"]
[Black "Arndt, Magnus"]
[Result "1/2-1/2"]
[WhiteElo "2121"]
[BlackElo "1870"]
[PlyCount "64"]

1. d4 Nf6 2. Nf3 e6 3. e3 b6 4. Bd3 Bb7 5. O-O Be7 6. c4 O-O 7. Nc3 c5 8. d5 d6
9. e4 Nbd7 10. dxe6 fxe6 11. Ng5 Qc8 12. Nxe6 Rf7 13. f4 h6 14. Nd5 Nf8 15.
Nec7 Bxd5 16. Nxd5 Nxd5 17. exd5 Bf6 18. Qc2 Bd4+ 19. Kh1 Qd8 20. Bd2 Qf6 21.
Bc3 Bxc3 22. bxc3 Re8 23. g3 Rfe7 24. Qd2 Re3 25. Rae1 Qe7 26. Rxe3 Qxe3 27.
Qxe3 Rxe3 28. Rd1 Nd7 29. Kg2 Nf6 30. Kf2 Ng4+ 31. Kg2 Nf6 32. Kf2 Ng4+ 1/2-1/2

[Event "Kieler Open 2016-A"]
[Site "Kiel"]
[Date "2016.08.01"]
[Round "5.20"]
[White "Dittrich, Gunnar"]
[Black "Ijzermans, Gijs"]
[Result "1/2-1/2"]
[WhiteElo "1950"]
[BlackElo "2106"]
[PlyCount "49"]

1. e4 e5 2. Bc4 Nf6 3. d4 Nxe4 4. dxe5 c6 5. Bxf7+ Kxf7 6. Qf3+ Nf6 7. exf6
Qxf6 8. Bg5 Qxf3 9. Nxf3 Bb4+ 10. c3 Re8+ 11. Kd2 Bd6 12. c4 h6 13. Be3 Bb4+
14. Nc3 d6 15. a3 Bxc3+ 16. Kxc3 Bg4 17. Rad1 Bxf3 18. gxf3 Re6 19. Bf4 Rf6 20.
Bg3 Nd7 21. Rxd6 Rxf3+ 22. Kc2 Nf6 23. Re1 Re8 24. Rxe8 Kxe8 25. Rd3 1/2-1/2

[Event "Kieler Open 2016-A"]
[Site "Kiel"]
[Date "2016.08.01"]
[Round "5.21"]
[White "Parvanyan, Alfred"]
[Black "Saglam, Bülent"]
[Result "0-1"]
[WhiteElo "1943"]
[BlackElo "2100"]
[PlyCount "74"]

1. Nf3 Nf6 2. c4 c6 3. d4 d5 4. Nbd2 Bf5 5. Nh4 e6 6. Qb3 Na6 7. Nxf5 exf5 8.
c5 Qc8 9. e3 Nc7 10. Bd3 g6 11. a4 Bh6 12. O-O O-O 13. Qc2 f4 14. exf4 Ne6 15.
f5 gxf5 16. Nf3 Bxc1 17. Qxc1 Ne4 18. Nh4 Ng7 19. f3 Qd8 20. Qf4 Qf6 21. fxe4
Qxd4+ 22. Kh1 Qxd3 23. Nxf5 Nxf5 24. exf5 f6 25. Rf3 Qe4 26. Qh6 Rf7 27. Raf1
Re8 28. h3 Qxa4 29. Rg3+ Kh8 30. Rg6 Qd4 31. Qh5 Qxb2 32. Rh6 Qe2 33. Rf3 Rg7
34. Rxh7+ Rxh7 35. Qg6 Qe1+ 36. Kh2 Qe5+ 37. Rg3 a5 0-1

[Event "Kieler Open 2016-A"]
[Site "Kiel"]
[Date "2016.08.01"]
[Round "5.22"]
[White "Apitzsch, Leon Fabian"]
[Black "De Vries, Joel"]
[Result "1/2-1/2"]
[WhiteElo "1841"]
[BlackElo "2086"]
[PlyCount "125"]

1. d4 Nf6 2. c4 e6 3. Nc3 d5 4. Bg5 Be7 5. e3 O-O 6. Rc1 Nbd7 7. Nf3 c6 8. cxd5
exd5 9. Bd3 Re8 10. O-O Nf8 11. Ne5 N6d7 12. Bxe7 Qxe7 13. Nxd7 Bxd7 14. Re1
Qf6 15. b4 Re6 16. b5 Rae8 17. bxc6 Bxc6 18. Bb5 Qg5 19. Bxc6 bxc6 20. Ne2 Ng6
21. Ng3 f5 22. Qd3 Nh4 23. f4 Qe7 24. Kf2 Qf7 25. Re2 g5 26. Rce1 Re4 27. Nxe4
fxe4 28. Qd2 gxf4 29. exf4 Qg7 30. Kf1 Nf5 31. Re3 Qxd4 32. Qxd4 Nxd4 33. Rc3
Rc8 34. Rd1 Ne6 35. Rxd5 Nxf4 36. Rd4 Rf8 37. Ke1 Nxg2+ 38. Kd1 Rf1+ 39. Kc2
Rf2+ 40. Kb3 e3 41. Rg4+ Kf7 42. Rxg2 Rxg2 43. Rxe3 Rxh2 44. Rc3 Rh6 45. Kb4
Ke7 46. Ra3 Kd6 47. Rxa7 Rh4+ 48. Kc3 Kd5 49. a4 Rh3+ 50. Kd2 Kc4 51. a5 Kb5
52. Rc7 Rh6 53. Ra7 c5 54. a6 Rd6+ 55. Kc3 h6 56. Rb7+ Kxa6 57. Rb1 Rb6 58.
Ra1+ Kb5 59. Rb1+ Kc6 60. Rh1 Kd7 61. Kc4 Rc6 62. Rh5 Ke7 63. Rxc5 1/2-1/2

[Event "Kieler Open 2016-A"]
[Site "Kiel"]
[Date "2016.08.01"]
[Round "5.23"]
[White "Tobianski, Fabian"]
[Black "Rieper, Julian"]
[Result "0-1"]
[WhiteElo "1920"]
[BlackElo "1999"]
[PlyCount "56"]

1. c4 Nf6 2. g3 g6 3. Bg2 Bg7 4. Nc3 O-O 5. e4 d6 6. Nge2 c5 7. O-O Nc6 8. d3
a6 9. a3 Rb8 10. Rb1 b5 11. cxb5 axb5 12. b4 cxb4 13. axb4 Ne8 14. d4 Nc7 15.
d5 Ne5 16. Be3 Nc4 17. Bd4 Bh6 18. f4 e6 19. dxe6 fxe6 20. Qd3 e5 21. Be3 Nxe3
22. Qxe3 Be6 23. Rbd1 Qe7 24. Qd3 Rfd8 25. Nd5 Nxd5 26. exd5 Bg4 27. Rde1 Bg7
28. Nd4 Qa7 0-1

[Event "Kieler Open 2016-A"]
[Site "Kiel"]
[Date "2016.08.01"]
[Round "5.24"]
[White "Quiring, Nikolai"]
[Black "Werner, René"]
[Result "1/2-1/2"]
[WhiteElo "2026"]
[BlackElo "1885"]
[PlyCount "120"]

1. d4 d5 2. c4 e6 3. Nc3 Nf6 4. cxd5 exd5 5. Bg5 c6 6. Qc2 h6 7. Bxf6 Qxf6 8.
Nxd5 Qxd4 9. Rd1 Bb4+ 10. Nc3 Bxc3+ 11. bxc3 Qf6 12. e3 O-O 13. Nf3 Nd7 14. Be2
Nb6 15. O-O Nd5 16. Rd4 Be6 17. c4 Nb4 18. Qb1 c5 19. Rd2 b6 20. a3 Nc6 21.
Rfd1 Rad8 22. Rxd8 Rxd8 23. Rxd8+ Qxd8 24. Qe4 Ne7 25. g4 Ng6 26. h3 Kf8 27.
Kg2 a6 {(=)} 28. Qb1 Bc8 29. Bd3 Ne7 30. Ne1 Qd6 31. f4 Bd7 32. Nf3 Bc6 33. Kf2
Qb8 34. Ne5 Be8 35. Be4 Qd6 36. Qd3 Qxd3 37. Bxd3 b5 38. Nf3 Nc8 39. Nd2 Ke7
40. Ne4 Nd6 41. Nxc5 bxc4 42. Be2 a5 43. Ke1 g5 44. Kd2 Bc6 45. Bf1 Bd5 46. a4
f6 47. Kc3 Bf7 {(=)} 48. Kd4 Kd8 49. Bg2 Kc7 50. f5 h5 51. Bf3 hxg4 52. hxg4
Be8 53. Bd5 Bc6 54. e4 Kb6 55. Bxc4 Nxc4 56. Kxc4 Kc7 57. Kd3 Kd6 58. Kd4 Ke7
59. e5 Bf3 60. exf6+ Kxf6 {Rest der Notation fehlt.} 1/2-1/2

[Event "Kieler Open 2016-A"]
[Site "Kiel"]
[Date "2016.08.01"]
[Round "5.25"]
[White "Keyser, Philipp"]
[Black "Berger, Joachim"]
[Result "0-1"]
[WhiteElo "1865"]
[BlackElo "2022"]
[PlyCount "58"]

1. e4 e5 2. Nf3 Nc6 3. Bb5 a6 4. Ba4 Nf6 5. O-O Nxe4 6. d4 b5 7. Bb3 d5 8. dxe5
Be6 9. Nbd2 Bc5 10. Nxe4 dxe4 11. Bxe6 fxe6 12. Ng5 Qxd1 13. Rxd1 O-O 14. Nxe4
Bb6 15. a4 Rad8 16. Rf1 Rd4 17. Ng5 Rd5 18. Nxe6 Rxf2 19. Be3 Bxe3 20. Rxf2 Rd2
21. Raf1 Nxe5 22. h3 Rxc2 23. Ng5 h6 24. Ne4 Rxb2 25. axb5 axb5 26. Re1 Bb6 27.
Kh1 Bxf2 28. Nxf2 Rxf2 29. Rxe5 c6 0-1

[Event "Kieler Open 2016-A"]
[Site "Kiel"]
[Date "2016.08.01"]
[Round "5.26"]
[White "Busse, Tom Niklas"]
[Black "Karlisch, Moritz"]
[Result "1-0"]
[WhiteElo "1997"]
[BlackElo "1823"]
[PlyCount "53"]

1. d4 d5 2. c4 e6 3. Nf3 Nf6 4. g3 Be7 5. Bg2 O-O 6. O-O dxc4 7. Nbd2 c5 8.
dxc5 Bxc5 9. Ne5 c3 10. bxc3 Qc7 11. Ndc4 Nfd7 12. Bf4 Nxe5 13. Bxe5 Bxf2+ 14.
Rxf2 Qxc4 15. Qc2 Qc5 16. Bd4 Qe7 17. c4 Nc6 18. Bb2 Rd8 19. Raf1 f6 20. g4 Nd4
21. Qb1 Qc5 22. e3 Nc6 23. Be4 f5 24. gxf5 Qxe3 25. f6 e5 26. Bxh7+ Kf8 27. Qg6
1-0

[Event "Kieler Open 2016-A"]
[Site "Kiel"]
[Date "2016.08.01"]
[Round "5.27"]
[White "Christensen, Andreas"]
[Black "Van den Boogaart, Jan Marten"]
[Result "1-0"]
[WhiteElo "1773"]
[BlackElo "1988"]
[PlyCount "83"]

1. e4 c5 2. Nf3 Nc6 3. d4 cxd4 4. Nxd4 Nf6 5. Nc3 e5 6. Ndb5 d6 7. Bg5 a6 8.
Na3 b5 9. Nd5 Be7 10. Bxf6 Bxf6 11. c3 O-O 12. Nc2 Bg5 13. a4 bxa4 14. Rxa4 a5
15. Bc4 Kh8 16. O-O f5 17. f3 Ne7 18. Qe2 Rb8 19. b4 Nxd5 20. Bxd5 Qb6+ 21. Kh1
Ba6 22. c4 axb4 23. Rxb4 Qc5 24. Rbb1 g6 25. Ra1 Rb6 26. Rfb1 Rfb8 27. Qf1 Bd2
28. h4 Bc3 29. Rxb6 Qxb6 30. Rd1 Qd8 31. g3 f4 32. Qh3 Bc8 33. g4 Rb2 34. Na3
Qb6 35. Nb5 Qe3 36. Nxd6 Ba6 37. h5 g5 38. h6 Rf2 39. Nf7+ Kg8 40. Nxg5+ Kf8
41. Nxh7+ Ke8 42. Qh5+ 1-0

[Event "Kieler Open 2016-A"]
[Site "Kiel"]
[Date "2016.08.01"]
[Round "5.28"]
[White "Frost, Peter"]
[Black "Uksini, Bardhyl"]
[Result "0-1"]
[WhiteElo "1907"]
[BlackElo "2259"]
[PlyCount "98"]

1. d4 Nf6 2. c4 e6 3. Nc3 Bb4 4. e3 d5 5. Nge2 O-O 6. a3 Be7 7. cxd5 exd5 8.
Nf4 c6 9. Bd3 Nbd7 10. O-O Re8 11. f3 Nf8 12. Bc2 Qb6 13. Kh1 Ne6 14. Qd3 Nxf4
15. exf4 Bd6 16. Be3 Bd7 17. b4 Re7 18. Rae1 Rae8 19. g3 g6 20. Na4 Bf5 21.
Qxf5 gxf5 22. Nxb6 Rxe3 23. Rxe3 Rxe3 24. Nc8 Bf8 25. Nxa7 Rxa3 26. Nc8 Rc3 27.
Bxf5 Rc4 28. Rb1 Rxd4 29. b5 c5 30. b6 c4 31. Na7 Ne8 32. Nc6 Rd2 33. Ne5 Nd6
34. g4 f6 35. Be6+ Kg7 36. Nd7 c3 37. Rc1 c2 38. Rxc2 Rxc2 39. Bxd5 Be7 40. f5
Nc4 41. Bxb7 Nxb6 42. Nxb6 Rb2 43. h4 Rxb6 44. Be4 Rb2 45. h5 Kh6 46. Kg1 Kg5
47. Bd5 Kf4 48. Kf1 Ke3 49. Be4 Rf2+ 0-1

[Event "Kieler Open 2016-A"]
[Site "Kiel"]
[Date "2016.08.01"]
[Round "5.29"]
[White "Voelzke, Ferdinand"]
[Black "Rohmann, Volker"]
[Result "1-0"]
[WhiteElo "2159"]
[BlackElo "1820"]
[PlyCount "62"]

1. Nf3 Nf6 2. g3 b6 3. Bg2 Bb7 4. O-O c5 5. c4 g6 6. Nc3 Bg7 7. d3 O-O 8. e4 d6
9. h3 Na6 10. Bd2 Nc7 11. Rb1 Nd7 12. Qc1 Ne6 13. Bh6 Rc8 14. Bxg7 Kxg7 15. Qe3
Nc7 16. d4 cxd4 17. Nxd4 Nc5 18. Rbd1 Qe8 19. b3 Kg8 20. Rfe1 N7e6 21. Nc2 Ng7
22. f4 f5 23. e5 Bxg2 24. Kxg2 Qc6+ 25. Qf3 Qxf3+ 26. Kxf3 dxe5 27. Rxe5 e6 28.
Re2 Rfd8 29. Red2 Rxd2 30. Rxd2 Rc7 31. Nb5 Ne4 1-0

[Event "Kieler Open 2016-A"]
[Site "Kiel"]
[Date "2016.08.01"]
[Round "5.30"]
[White "Topalov, Mihail"]
[Black "Nonnenmacher, Thomas"]
[Result "1/2-1/2"]
[WhiteElo "1927"]
[BlackElo "2146"]
[PlyCount "74"]

1. e4 Nf6 2. e5 Nd5 3. d4 d6 4. Nf3 Bg4 5. Be2 e6 6. O-O Be7 7. c4 Nb6 8. Nc3
O-O 9. exd6 cxd6 10. d5 e5 11. b3 f5 12. Ba3 N8d7 13. Rc1 a6 14. Re1 Rc8 15.
Nd2 Bxe2 16. Nxe2 Rf6 17. f4 Rh6 18. Nf3 g5 19. fxe5 dxe5 20. Bxe7 Qxe7 21. Ng3
Qf6 22. Qd2 f4 23. Ne4 Qg6 24. Nexg5 Rh5 25. Ne6 Re8 26. Qf2 Nc8 27. Re2 Qf6
28. Rce1 Kh8 29. Nc5 Nxc5 30. Qxc5 Nd6 31. Qb6 Rg8 32. c5 e4 33. Qxd6 Qxd6 34.
cxd6 exf3 35. Re8 Rxd5 36. Rxg8+ Kxg8 37. gxf3 Rxd6 1/2-1/2

[Event "Kieler Open 2016-A"]
[Site "Kiel"]
[Date "2016.08.01"]
[Round "5.31"]
[White "Richter, Rüdiger"]
[Black "Haffner, Alexander"]
[Result "0-1"]
[WhiteElo "1905"]
[BlackElo "2118"]
[PlyCount "108"]

1. e4 g6 2. d4 Bg7 3. Nc3 c6 4. Bc4 d6 5. Bb3 Nf6 6. f4 O-O 7. Nf3 Bg4 8. h3
Bxf3 9. Qxf3 e6 10. O-O d5 11. e5 Nfd7 12. Be3 Na6 13. Ne2 c5 14. c3 cxd4 15.
Nxd4 Nac5 16. Bc2 Rc8 17. Rac1 Nb6 18. Bb1 Nc4 19. Rf2 a6 20. Rcf1 b5 21. Bc1
Qe7 22. g4 Nd7 23. g5 b4 24. b3 Ncxe5 25. fxe5 Rxc3 26. Qg2 Nxe5 27. Bd2 Rc7
28. Re2 Qc5 29. Be3 Qe7 30. Rc2 Rxc2 31. Qxc2 Nd7 32. Qc7 e5 33. Nc6 Qe6 34.
Kg2 d4 35. Bd2 e4 36. Bxb4 Re8 37. Qd6 Qxd6 38. Bxd6 Re6 39. Ne7+ Kh8 40. Ba3
e3 41. Nd5 Re5 42. Nf4 Rxg5+ 43. Kf3 Ne5+ 44. Ke2 Rg3 45. Bb2 g5 46. Bxd4 gxf4
47. Rxf4 Rxh3 48. Bxe5 Bxe5 49. Rxf7 Bd4 50. Bd3 Rh2+ 51. Kf1 a5 52. a4 h5 53.
Be2 h4 54. Rf4 h3 0-1

[Event "Kieler Open 2016-A"]
[Site "Kiel"]
[Date "2016.08.01"]
[Round "5.32"]
[White "Saß, Patrick"]
[Black "Wanner, Lukas"]
[Result "0-1"]
[WhiteElo "1841"]
[BlackElo "2001"]
[PlyCount "84"]

1. e4 c5 2. Nf3 g6 3. d4 cxd4 4. Nxd4 Bg7 5. Nc3 Nc6 6. Nb3 Nf6 7. Be3 O-O 8.
Be2 d6 9. f3 Be6 10. O-O d5 11. exd5 Nxd5 12. Nxd5 Bxd5 13. c3 e5 14. Qd2 f5
15. Bg5 Bf6 16. Bxf6 Rxf6 17. Qe3 Bf7 18. Rad1 Qe7 19. Rd2 Rd8 20. Rxd8+ Qxd8
21. Rd1 Rd6 22. Rxd6 Qxd6 23. Nc1 f4 24. Qd3 Qc5+ 25. Kf1 a6 26. b4 Nxb4 27.
cxb4 Qxc1+ 28. Kf2 Qc6 29. Qd8+ Kg7 30. a3 Qd5 31. Qb6 Qd4+ 32. Qxd4 exd4 33.
Bd3 Bd5 34. a4 g5 35. a5 Bc6 36. Ke2 h6 37. Kd2 Kf6 38. Kc2 Ke5 39. Kb3 g4 40.
Be2 gxf3 41. gxf3 d3 42. Bxd3 Kd4 0-1

[Event "Kieler Open 2016-A"]
[Site "Kiel"]
[Date "2016.08.01"]
[Round "5.33"]
[White "Untiedt, Urs Arved"]
[Black "Mock, Markus"]
[Result "1/2-1/2"]
[WhiteElo "1636"]
[BlackElo "2002"]
[PlyCount "78"]

1. e4 e6 2. d4 d5 3. Nd2 a6 4. Ngf3 c5 5. dxc5 Bxc5 6. Bd3 Nc6 7. O-O Nge7 8.
Nb3 Ba7 9. c3 O-O 10. Qc2 dxe4 11. Bxe4 f5 12. Bd3 b5 13. a4 b4 14. Qe2 Qe8 15.
Kh1 Qh5 16. Bd2 bxc3 17. Bxc3 Nd5 18. Bd2 Rb8 19. Rac1 Rxb3 20. Rxc6 Bb7 21.
Qxe6+ Kh8 22. Qxd5 Rxd3 23. Qxd3 Bxc6 24. Bc3 Bb8 25. h3 Be4 26. Qe3 Re8 27.
Qg5 Qxg5 28. Nxg5 Bc6 29. a5 h6 30. Nf3 Ba7 31. Nd4 Bxd4 32. Bxd4 Re4 {(=)} 33.
Rc1 Re6 34. Rc5 Be4 35. Rc8+ Kh7 36. Rc7 Rg6 37. f3 Bd3 38. Kg1 Bb1 39. Kf2 Bd3
1/2-1/2

[Event "Kieler Open 2016-A"]
[Site "Kiel"]
[Date "2016.08.01"]
[Round "5.34"]
[White "Priemer, Siegfried"]
[Black "Rosenburg, Thies"]
[Result "0-1"]
[WhiteElo "1883"]
[BlackElo "1728"]
[PlyCount "168"]

1. d4 Nf6 2. c4 e6 3. Nc3 Bb4 4. Qc2 d5 5. a3 Bxc3+ 6. Qxc3 c5 7. cxd5 cxd4 8.
Qxd4 Nc6 9. Qd1 exd5 10. e3 O-O 11. Be2 Re8 12. Nf3 Ne4 13. O-O Bf5 14. Nd4 Bg6
15. Bb5 Rc8 16. Qa4 Qb6 17. Bxc6 bxc6 18. b4 c5 19. bxc5 Nxc5 20. Qb4 Qf6 21.
Qa5 Bd3 22. Rd1 a6 23. Ra2 Bc4 24. Rb2 Nd3 25. Rbd2 Rc5 26. Qa4 Rec8 27. Bb2
Ne5 28. Ba1 Qg6 29. h3 h5 30. Kh1 Kh7 31. Ne2 Nd3 32. Nf4 Nxf4 33. exf4 Qf5 34.
Qc2 Qxc2 35. Rxc2 Ra5 36. Rc3 Re8 37. Rg3 {(=)} f6 38. Bd4 Re4 39. Rd2 Rxf4 40.
Rc3 Re4 41. Rd1 Kg6 42. f3 Re2 43. Ra1 Rb5 44. Re3 Rxe3 45. Bxe3 Rb3 46. Bc5
Kf5 47. Rd1 Rb2 48. Kg1 Kf4 49. Rd4+ Ke5 50. Rd1 Re2 51. Ba7 h4 52. Bc5 g6 53.
Bb4 Kf5 54. Bc5 Rc2 55. Bb4 Bb3 56. Re1 d4 57. Kh1 d3 58. Rd1 Bc4 59. Rd2 Rc1+
60. Kh2 Kf4 61. Bc5 Bb5 62. Bb4 Rc4 63. Rb2 Rxb4 64. axb4 Ke3 65. g3 d2 66.
Rxd2 Kxd2 67. gxh4 Kc3 68. Kg3 Kxb4 69. Kg4 Bd7+ 70. Kg3 a5 71. h5 gxh5 72. Kh4
a4 73. Kxh5 Bxh3 74. f4 a3 75. Kg6 a2 76. Kxf6 a1=Q+ 77. Kg6 Qb1+ 78. f5 Qxf5+
79. Kg7 Kc5 80. Kh6 Qg4 81. Kh7 Kd6 82. Kh6 Ke6 83. Kh7 Kf7 84. Kh8 Qg7# 0-1

[Event "Kieler Open 2016-A"]
[Site "Kiel"]
[Date "2016.08.01"]
[Round "5.35"]
[White "Wenske, Hardy"]
[Black "Hagenlüke, Thomas"]
[Result "1/2-1/2"]
[WhiteElo "1823"]
[BlackElo "2010"]
[PlyCount "120"]

1. Nf3 d5 2. d4 Nf6 3. e3 c5 4. c3 cxd4 5. exd4 Nc6 6. Bd3 Bg4 7. h3 Bh5 8.
Nbd2 e6 9. Qb3 Qc7 10. O-O Bd6 11. Re1 O-O 12. Qc2 Bf4 13. Be2 Bg6 14. Bd3 Nb4
15. cxb4 Qxc2 16. Bxc2 Bxc2 17. Nf1 Bd6 18. a3 Ne4 19. Ng5 Rfc8 20. Nxe4 Bxe4
21. Ne3 Kf8 22. Bd2 Bc7 23. Rac1 Bb6 24. Rxc8+ Rxc8 25. Bc3 h5 26. Rd1 Ke7 27.
Rd2 Kd7 28. Kf1 g5 29. f3 Bg6 30. Ke2 f5 31. Nd1 g4 32. Nf2 gxf3+ 33. Kxf3 Bc7
34. Nd3 Ke7 35. Re2 Bf7 36. Ne5 Rg8 37. Kf2 Be8 38. Kf3 Bb5 39. Re1 Bxe5 40.
dxe5 Bc4 41. Bd4 Bd3 42. Rg1 Be4+ 43. Kf2 b6 44. g3 {(=)} Rc8 45. Ke3 Rg8 46.
Kf2 Rc8 47. Ke3 Kf7 48. Bc3 Kg6 49. h4 Kf7 50. Rc1 Rc4 51. Rd1 Rc8 52. Rg1 Rg8
53. Kf2 Rg4 54. Bd2 Ke7 55. Rc1 Kd7 56. Bf4 Bd3 57. Rc3 {(=)} Bc4 58. Ke3 Bb5
59. b3 Bc6 60. a4 Rg8 {Rest der Notation fehlt.} 1/2-1/2

[Event "Kieler Open 2016-A"]
[Site "Kiel"]
[Date "2016.08.01"]
[Round "5.36"]
[White "Schmieder, Kerstin"]
[Black "Schmidt, Peter"]
[Result "0-1"]
[WhiteElo "1654"]
[BlackElo "1971"]
[PlyCount "78"]

1. d4 Nf6 2. Nc3 d5 3. Bg5 Bf5 4. Bxf6 exf6 5. e3 c6 6. Bd3 Bg6 7. Nf3 Nd7 8.
O-O Bd6 9. Re1 f5 10. h3 Nf6 11. Ne2 Ne4 12. c4 O-O 13. cxd5 cxd5 14. Nc3 Nxc3
15. bxc3 Rc8 16. Qb3 Rc7 17. c4 dxc4 18. Bxc4 Kh8 19. d5 Re8 20. Rad1 a6 21. a4
Bh5 22. Be2 f4 23. exf4 Rce7 24. Qd3 Bxf4 25. g4 Bg6 26. Qc4 Re4 27. Qa2 {(=)}
Qe7 28. Kf1 Qd7 29. Nh4 Rxa4 30. Nxg6+ hxg6 31. Qb3 Rae4 32. Bf3 Rxe1+ 33. Rxe1
Rxe1+ 34. Kxe1 Qc7 35. Qb2 Be5 36. Qb3 b5 37. Qa3 Qc4 38. Qf8+ Kh7 39. Qxf7
Bc3+ 0-1

[Event "Kieler Open 2016-A"]
[Site "Kiel"]
[Date "2016.08.01"]
[Round "5.37"]
[White "Keyser, Robin"]
[Black "Millgramm, Stephan"]
[Result "1/2-1/2"]
[WhiteElo "1925"]
[BlackElo "1800"]
[PlyCount "38"]

1. Nf3 d5 2. g3 c6 3. Bg2 e6 4. O-O Bd6 5. d4 Nd7 6. b3 Qe7 7. Bb2 f5 8. Nbd2
Ngf6 9. c4 O-O 10. Ne5 Ne4 11. Nd3 g5 12. Nf3 Qg7 13. Nfe5 Nef6 14. b4 Bxe5 15.
Nxe5 Nxe5 16. dxe5 Nd7 17. b5 Nb6 18. bxc6 Nxc4 19. cxb7 Bxb7 1/2-1/2

[Event "Kieler Open 2016-A"]
[Site "Kiel"]
[Date "2016.08.01"]
[Round "5.38"]
[White "Rommeck, Christiane"]
[Black "Thieme, Daniel Otis"]
[Result "0-1"]
[WhiteElo "1558"]
[BlackElo "1878"]
[PlyCount "48"]

1. e4 c5 2. Nf3 d6 3. Bb5+ Nd7 4. d4 cxd4 5. Nxd4 Ngf6 6. Nd2 a6 7. Bxd7+ Bxd7
8. c4 g6 9. b3 Bg7 10. Bb2 Qb6 11. O-O O-O 12. h3 Rac8 13. Re1 Nh5 14. N2f3 Nf4
15. Qd2 Bh6 16. Qc3 e5 17. Ne2 f5 18. Rad1 fxe4 19. Nxe5 Nxh3+ 20. Kh1 Nxf2+
21. Kh2 dxe5 22. Rxd7 Ng4+ 23. Kh1 Qf6 24. Ng3 Qh4+ 0-1

[Event "Kieler Open 2016-A"]
[Site "Kiel"]
[Date "2016.08.01"]
[Round "5.39"]
[White "Papesch, Dennis"]
[Black "Kertesz, Oliver"]
[Result "1-0"]
[WhiteElo "1852"]
[BlackElo "1700"]
[PlyCount "57"]

1. Nf3 d5 2. d4 c6 3. c4 Nf6 4. Nc3 h6 5. Bf4 Nbd7 6. e3 Nh5 7. cxd5 Nxf4 8.
dxc6 Nxg2+ 9. Bxg2 bxc6 10. Ne5 Nxe5 11. dxe5 Qb6 12. Qf3 Bb7 13. e6 O-O-O 14.
O-O fxe6 15. Rfc1 Rd6 16. Ne4 Rd5 17. b4 Rf5 18. Qg3 Qc7 19. Qg6 Kb8 20. Qxe6
Qe5 21. Qg6 e6 22. Qe8+ Kc7 23. Rd1 Bd6 24. Nxd6 Rxe8 25. Nxe8+ Kb6 26. Nd6 Ba6
27. Rac1 Kc7 28. Rxc6+ Kb8 29. Nxf5 1-0

[Event "Kieler Open 2016-A"]
[Site "Kiel"]
[Date "2016.08.01"]
[Round "5.40"]
[White "Schramm, Daniel"]
[Black "Neuendorf, Max"]
[Result "0-1"]
[WhiteElo "1988"]
[BlackElo "1874"]
[PlyCount "62"]

1. c4 e5 2. Nc3 Nf6 3. g3 d5 4. cxd5 Nxd5 5. Bg2 Nb6 6. Nf3 Nc6 7. O-O Be7 8.
d4 exd4 9. Nb5 Bf6 10. Qd3 O-O 11. Rd1 a5 12. a3 Be6 13. Nbxd4 Nxd4 14. Nxd4
Bc4 15. Qc2 Qc8 16. b3 c5 17. bxc4 cxd4 18. Rb1 Qxc4 19. Qxc4 Nxc4 20. Rxb7
Rab8 21. a4 Rxb7 22. Bxb7 Rb8 23. Ba6 Rb4 24. Bb5 h6 25. Kg2 h5 {(=)} 26. h4 g6
27. e3 dxe3 28. fxe3 Ne5 29. Bd2 Rb2 30. Kh3 Ng4 31. Be1 Rh2# 0-1

[Event "Kieler Open 2016-A"]
[Site "Kiel"]
[Date "2016.08.02"]
[Round "6.1"]
[White "Ernst, Thomas"]
[Black "Braun, Arik"]
[Result "1/2-1/2"]
[WhiteElo "2357"]
[BlackElo "2569"]
[PlyCount "158"]
[Annotator "Meiwald"]

1. e4 c6 2. d4 d5 3. Nd2 dxe4 4. Nxe4 Bf5 5. Ng3 Bg6 6. Bc4 e6 7. N1e2 Nf6 8.
Nf4 Bd6 9. c3 Qc7 10. Qf3 Nbd7 11. Nxg6 hxg6 12. Ne4 Nxe4 13. Qxe4 Nf6 14. Qf3
Qa5 15. g3 Qf5 16. Qxf5 gxf5 17. Kf1 Kd7 18. Kg2 f4 19. Bd3 g5 20. Bd2 g4 21.
Rae1 Rh3 22. Bf1 Rah8 23. Kg1 fxg3 24. Bxh3 gxh2+ 25. Kg2 Rxh3 26. Re3 Rh5 27.
c4 Rf5 28. Rb3 Ne4 29. Be1 b6 30. f3 gxf3+ 31. Rxf3 Rg5+ 32. Kf1 Ke8 33. Rh3
Bg3 34. R3xh2 Bxh2 35. Rxh2 Nd6 36. Rh8+ Kd7 37. b3 Rg4 38. c5 Nc8 39. Bf2 bxc5
40. dxc5 e5 41. Rf8 Rf4 42. Ke2 Ne7 43. Be3 Rf5 44. b4 Nd5 45. Bd2 a6 46. Ra8
Nc7 47. Rf8 Ne6 48. Ra8 Nd4+ 49. Kd3 Rf3+ 50. Ke4 Rf1 51. Bc3 f6 52. Rxa6 Rf4+
53. Kd3 Rf3+ 54. Kc4 Nc2 55. Kb3 Ne3 56. Ka4 Nd5 57. Bb2 e4 58. Ra7+ Ke6 59.
Ra6 e3 60. Rxc6+ Kf5 61. Bc1 e2 62. Bd2 Rd3 63. Be1 Rd1 64. Rd6 Rxe1 65. Rxd5+
Kf4 66. Rd4+ Ke3 67. Rd6 Rc1 68. Rxf6 e1=Q 69. Re6+ Kd4 70. Rxe1 Rxe1 71. Kb5
Kd5 72. Kb6 Re8 73. Kb7 Re4 74. a3 Re7+ 75. Kb6 Re3 76. c6 Kd6 77. Kb7 Re7+ 78.
Kb6 Re3 79. Kb7 Re7+ 1/2-1/2

[Event "Kieler Open 2016-A"]
[Site "Kiel"]
[Date "2016.08.02"]
[Round "6.2"]
[White "Baramidze, David"]
[Black "Jahncke, Giso"]
[Result "1-0"]
[WhiteElo "2594"]
[BlackElo "2332"]
[PlyCount "61"]

1. Nf3 d5 2. c4 c6 3. e3 Nf6 4. Nc3 e6 5. d4 Nbd7 6. b3 Bb4 7. Bd2 Bd6 8. Qc2
O-O 9. Bd3 e5 10. cxd5 cxd5 11. Nb5 Bb8 12. dxe5 Nxe5 13. Nxe5 Bxe5 14. Bc3
Bxc3+ 15. Qxc3 Bd7 16. Nd4 Qb6 17. O-O Rac8 18. Qb2 Rc5 19. Rac1 Rfc8 20. Rxc5
Rxc5 21. Rd1 a5 22. Ne2 Bg4 23. f3 Bh5 24. Qe5 Rc8 25. Nf4 Re8 26. Nxd5 Rxe5
27. Nxb6 Bg6 28. e4 Rc5 29. Bc4 h5 30. Rd8+ Kh7 31. Rb8 1-0

[Event "Kieler Open 2016-A"]
[Site "Kiel"]
[Date "2016.08.02"]
[Round "6.4"]
[White "Lanka, Zigurds"]
[Black "Light, Bjarne"]
[Result "1-0"]
[WhiteElo "2450"]
[BlackElo "2205"]
[PlyCount "81"]

1. e4 c5 2. Nf3 Nc6 3. d4 cxd4 4. Nxd4 e5 5. Nb5 d6 6. N1c3 a6 7. Na3 b5 8. Nd5
Nge7 9. c4 Nd4 10. Be3 Nxd5 11. cxd5 g6 12. Bd3 Bg7 13. O-O O-O 14. Bxd4 exd4
15. Nc2 Bd7 16. Qd2 Qb6 17. Kh1 Rae8 18. Rae1 a5 19. Re2 Re7 20. f4 Bh6 21. Qe1
Rfe8 22. Qh4 Bg7 23. g4 f5 24. gxf5 Bxf5 25. Rfe1 Bc8 26. Rg1 Qc5 27. Qg5 Kh8
28. Ne1 Rf7 29. Rc2 Qb4 30. Nf3 Ref8 31. f5 Bf6 32. Qc1 Bd7 33. fxg6 Rg7 34.
Rg3 Be5 35. a3 Qa4 36. Nxe5 dxe5 37. Qg5 Re8 38. Qf6 h6 39. Qh4 b4 40. Qxh6+
Kg8 41. Rg5 1-0

[Event "Kieler Open 2016-A"]
[Site "Kiel"]
[Date "2016.08.02"]
[Round "6.5"]
[White "Fries-Nielsen, Jens Ove"]
[Black "Jacobs, Florian"]
[Result "1/2-1/2"]
[WhiteElo "2359"]
[BlackElo "2228"]
[PlyCount "82"]

1. d4 Nf6 2. Nc3 d5 3. Bf4 g6 4. Qd2 Bg7 5. Bh6 Bxh6 6. Qxh6 c5 7. e3 Nc6 8.
Bb5 cxd4 9. exd4 Qb6 10. Nf3 a6 11. Bxc6+ bxc6 12. O-O Bg4 13. Ne5 Qxb2 14. Qe3
Be6 15. Rab1 Qxc2 16. Rfc1 Qf5 17. Nxc6 Rc8 18. Rb6 Ng4 19. Qd2 Bd7 20. Nb4 Nf6
21. Nxa6 O-O 22. Re1 Ne4 23. Nxe4 dxe4 24. Nc5 Bc6 25. Qe3 Rfd8 26. a4 Qd5 27.
Rb4 Ba8 28. h3 Qd6 29. Rc4 Bd5 30. Rcc1 e5 31. a5 Ba8 32. dxe5 Qxe5 33. a6 Kg7
34. Rc3 Rc6 35. Rec1 Rcd6 36. f4 Rd1+ 37. Kh2 Qd4 38. Rxd1 Qxe3 39. Rxe3 Rxd1
40. Nxe4 Bxe4 41. Rxe4 Ra1 1/2-1/2